LEADER 01040naa a2200229 u 4500 001 000000093897 003 CaOOAMICUS 005 20070226130136.0 008 010720m19801981fr u000 u eng u 035 $a10897959 040 $aPUL(R)$bita 100 1 $aSchindler, Dietrich,$c1890-$0(OLS)http://pul/name/60009 245 14$aThe different type of armed conflicts according to the Geneva Conventions and protocols /$cby Dietrich Schindler. 260 $a[S. l. :$bs. n.],$c1980-1981. 300 $aP. [117-163] 504 $aBibliografia in nota. 650 4$aDiritto internazionale.$0(OLS)http://pul/subject/2505 650 4$aDiritto internazionale$xGuerra.$0(OLS)http://pul/subject/23389 773 0 $tRecueil des cours$gv.II (1979) 773 0 $tRecueil des cours 1979 : collected courses of The Hague Academy of International Law$w()60371 996 $6245$aThe different type of armed conflicts according to the Geneva Conventions and protocols$9(OLS)http://pul/title/120751 996 $6260$a[S. l. :$bs. n.]$9(OLS)http://pul/publisher/47882 LEADER 01058nam a2200265 u 4500 001 000000055064 003 CaOOAMICUS 005 20070226115737.0 008 010115s1960 it u000 u ita u 035 $a10865492 040 $aPUL(R)$bita 100 1 $aCalogero, Guido,$d1904-1986.$0(OLS)http://pul/name/14319 245 13$aLa conclusione della filosofia del conoscere /$cGuido Calogero. 250 $aNuova edizione accresciuta. 260 $aFirenze :$bSansoni,$c1960. 300 $a360 p. ;$c21 cm 490 1 $aScritti di Guido Calogero ;$v2 650 4$aGnoseologia.$0(OLS)http://pul/subject/1860 830 0$aScritti di Guido Calogero ;$v2.$0(OLS)http://pul/title/73775 850 $aPUL 852 $aPUL$W1$xDP1 Fondo Giannini$y60$m1562 C 22$j72461$nBK-PRI$b $qFondi$B72461$CPULBib$Z2$F72461 $H $81 941 1 $a1 961 $aINV: Fondo Giannini 996 $6245$aLa conclusione della filosofia del conoscere$9(OLS)http://pul/title/73774 996 $6260$aFirenze :$bSansoni$9(OLS)http://pul/publisher/47896